| 000 | 00939cam a22002891 4500 | ||
|---|---|---|---|
| 001 | 3532 | ||
| 003 | BD-RjUL | ||
| 005 | 20211208233740.0 | ||
| 008 | 131219t 1950nyu b 001 0 eng | ||
| 035 | _a(BD-RjUL)3566 | ||
| 040 |
_aDLC _cDLC _dDLC _beng |
||
| 041 | 0 | _aenglat | |
| 082 | 0 | 0 |
_a333.3220942 _216 _bHOR 1950 |
| 100 | 1 |
_aHoyt, Robert S. _q(Robert Stuart) _911139 |
|
| 245 | 1 | 4 |
_aThe royal demesne in English constitutional history, 1066-1272 / _cRobert S. Hoyt. |
| 260 |
_aNew York : _bGreenwood Press, _cc1950 |
||
| 300 |
_axii, 253 p. _c24 cm. |
||
| 500 | _aEnglish or Latin. | ||
| 504 | _aIncludes bibliographical references. | ||
| 526 | _bPolitical Science | ||
| 650 | 0 |
_aCrown lands _xLaw and legislation _zGreat Britain. _911140 |
|
| 650 | 0 |
_aConstitutional history _zGreat Britain. _96119 |
|
| 650 | 0 |
_aConstitutional history, Medieval. _9497 |
|
| 942 |
_2ddc _cBK |
||
| 999 |
_c3532 _d3532 |
||